Moluscos marinos de España, Portugal y las Baleares / (Record no. 155433)

MARC details
000 -LEADER
campo de control de longitud fija 01133nam a2200241 i 4500
001 - NÚMERO DE CONTROL
campo de control 155433
003 - IDENTIFICADOR DE NÚMERO DE CONTROL
campo de control ES-MaACL
005 - FECHA Y HORA DE LA ÚLTIMA TRANSACCIÓN
campo de control 20251009063057.0
008 - DATOS DE LONGITUD FIJA--INFORMACIÓN GENERAL
campo de control de longitud fija 000103s1870 sp f |||| | spa d
040 ## - FUENTE DE CATALOGACIÓN
Centro catalogador/agencia de origen M-RACE
Lengua de catalogación spa
Centro/agencia transcriptor M-RACE
Centro/agencia modificador CCPB | B
100 1# - ENTRADA PRINCIPAL--NOMBRE DE PERSONA
Nombre de persona González Hidalgo, Joaquín,
Fechas asociadas al nombre 1839-1923
9 (RLIN) 127415
245 10 - MENCIÓN DEL TÍTULO
Título Moluscos marinos de España, Portugal y las Baleares /
Mención de responsabilidad, etc. por J. G. Hidalgo.
260 ## - PUBLICACIÓN, DISTRIBUCIÓN, ETC.
Lugar de publicación, distribución, etc. Madrid :
Nombre del editor, distribuidor, etc. [s.n.],
Fecha de publicación, distribución, etc. 1870 (
Fabricante Imprenta de Miguel Ginesta)
300 ## - DESCRIPCIÓN FÍSICA
Extensión 1 v. (pag. var.) :
Otras características físicas il. ;
Dimensiones 23 cm.
505 8# - NOTA DE CONTENIDO CON FORMATO
Nota de contenido con formato Contiene: v. 1. Introducción -- v. 2-3. Parte descriptiva -- v. 4. Atlas con 89 lám.
530 ## - NOTA DISPONIBLE DE FORMULARIO FÍSICO ADICIONAL
Nota de formato físico adicional disponible Disponible en formato digital.
597 ## - NOTA DE DESCRIPCIÓN FÍSICA
NOTA DE DESCRIPCIÓN FÍSICA Enc. 4 t. en 1 v.
650 #4 - PUNTO DE ACCESO ADICIONAL DE MATERIA--TÉRMINO DE MATERIA
Término de materia o nombre geográfico como elemento de entrada Moluscos-
Subdivisión geográfica España.
9 (RLIN) 149875
650 #4 - PUNTO DE ACCESO ADICIONAL DE MATERIA--TÉRMINO DE MATERIA
Término de materia o nombre geográfico como elemento de entrada Moluscos-
Subdivisión geográfica Portugal.
9 (RLIN) 163542
852 ## - LOCALIZACIÓN
Ubicación ES-MaACL
Número de control de estantería R-3147
Encuadernación Olim:G-1776
Nota libre -- Enc. hol.
-- -- An. ms.: ded. del autor a Segismundo Moret
Encuadernación Además [1] h. lám. lit. con el busto de Concepción González de Velasco y Pérez
856 ## - LOCALIZACIÓN Y ACCESO ELECTRÓNICOS
Identificador Uniforme de Recursos <a href="http://bdh-rd.bne.es/viewer.vm?id=0000140464&page=1 ">http://bdh-rd.bne.es/viewer.vm?id=0000140464&page=1 </a>
Nota pública Biblioteca Digital Hispánica
Holdings
Estatus retirado Estado de pérdida Estado de daño No para préstamo Colección Biblioteca de origen Biblioteca actual Ubicación en estantería Fecha de adquisición Total de préstamos Signatura topográfica completa Código de barras Visto por última vez Precio de reemplazo Tipo de ítem Koha
        Colección digital Biblioteca del Ateneo de Madrid Biblioteca del Ateneo de Madrid Depósito 17/01/2008   R-3147 1162587 23/02/2023 23/02/2023 Libro impreso antiguo